01353 2200265 4500001002100000005001500021035002000036007000300056008004100059020001800100082001000118084001600128100002500144245009300169250002000262300002500282650003400307505058400341264004400925336002100969337003000990338002301020700002801043990001601071INLIS00000000000024420260420103450 a0010-0426000243ta260420 g 0 ind  a9786020247847 a005.5 a005.5 SUR a0 aSurniawanePengarang1 aAplikasi penjualan denan visual basic, xampp, dan data report /cSurniawan, Eri Mardiani acetakan pertama a146 halaman ;c21 cm 4aBahasa pemrograman (Komputer) aBuku ini membahas pembuatan aplikasi penjualan menggunakan Visual Basic dengan dukungan XAMPP sebagai server dan pengelolaan basis data, serta penyajian laporan menggunakan Data Report. Materi disusun secara sistematis mulai dari perancangan sistem, pembuatan database, hingga implementasi aplikasi dan pembuatan laporan. Dilengkapi dengan contoh kasus dan langkah-langkah praktis, buku ini membantu pembaca memahami proses pengembangan aplikasi penjualan secara lengkap. Cocok bagi mahasiswa dan pemula yang ingin mengembangkan aplikasi berbasis database untuk kebutuhan bisnis. aJakarta :bElex Media Komputindo,c2014 2rdacontentateks 2rdamediaatanpa perantara 2rdacarrieravolume0 aEri MardianiePengarang aPP000427/19